| 000 | 00365cam a2200145ua 4500 | ||
|---|---|---|---|
| 003 | OSt | ||
| 008 | 241030b |||||||| |||| 00| 0 eng d | ||
| 041 | _aeng | ||
| 082 |
_a621.47 _bMAT/BI |
||
| 100 | _aMathur, A.N. | ||
| 245 | 0 | 0 | _aBio-energy for arid and semi arid zones / |
| 260 |
_aNew Delhi : _bHimanshu Publications , _c1985. |
||
| 300 | _a97 ; . | ||
| 942 | _cBK | ||
| 999 |
_c2664 _d2664 |
||